| 000 | 00484nam a2200181Ia 4500 | ||
|---|---|---|---|
| 008 | 131103s9999 xx 000 0 und d | ||
| 020 |
_a978-0-14310-198-7 _cRs.395.00 |
||
| 040 | _aLoreto College | ||
| 041 | _aEnglish | ||
| 082 |
_aF/DES _bLCBED/14453 |
||
| 100 | _aDesai,Kiran | ||
| 245 | 4 |
_aThe Inheritance of loss _cKiran Desai |
|
| 260 |
_aNew Delhi _bPenguin books _c2006 |
||
| 300 |
_a324 p. _c 21 cm. |
||
| 650 | _aEnglish fiction | ||
| 850 | _aLCBED/F/DES | ||
| 942 | _cBK | ||
| 999 |
_c32570 _d83049 |
||